Accounting ethics/ (Record no. 3727)

MARC details
000 -LEADER
fixed length control field 00724nam a22002297a 4500
003 - CONTROL NUMBER IDENTIFIER
control field OSt
005 - DATE AND TIME OF LATEST TRANSACTION
control field 20250717024445.0
008 - FIXED-LENGTH DATA ELEMENTS--GENERAL INFORMATION
fixed length control field 250717b |||||||| |||| 00| 0 eng d
020 ## - INTERNATIONAL STANDARD BOOK NUMBER
International Standard Book Number 9781119118787
040 ## - CATALOGING SOURCE
Original cataloging agency DWC-Main Lib
Transcribing agency OC
082 ## - DEWEY DECIMAL CLASSIFICATION NUMBER
Classification number Circ. 174.9 D971a 2018
100 ## - MAIN ENTRY--PERSONAL NAME
Personal name Duska, Ronald F.
245 ## - TITLE STATEMENT
Title Accounting ethics/
Statement of responsibility, etc. Ronald F. Duska [and two others]
250 ## - EDITION STATEMENT
Edition statement Third edition
260 ## - PUBLICATION, DISTRIBUTION, ETC.
Place of publication, distribution, etc. Hoboken, NJ:
Name of publisher, distributor, etc. John Wiley and Sons LTD.,
Date of publication, distribution, etc. c2018.
300 ## - PHYSICAL DESCRIPTION
Extent vii, 242 pages;
Dimensions 23 cm.
650 ## - SUBJECT ADDED ENTRY--TOPICAL TERM
Topical term or geographic name entry element 1. Accountants - Professional ethics
650 ## - SUBJECT ADDED ENTRY--TOPICAL TERM
Topical term or geographic name entry element 2. Accountants-Moral and ethical aspects
700 ## - ADDED ENTRY--PERSONAL NAME
Personal name Duska, Brenda Shay
700 ## - ADDED ENTRY--PERSONAL NAME
Personal name Kury, Kenneth WM
942 ## - ADDED ENTRY ELEMENTS (KOHA)
Source of classification or shelving scheme Dewey Decimal Classification
Koha item type Book Circulation
Edition Third edition
Call number prefix Circ.
Suppress in OPAC No
952 ## - LOCATION AND ITEM INFORMATION (KOHA)
--
Holdings
Withdrawn status Lost status Source of classification or shelving scheme Damaged status Not for loan Home library Current library Shelving location Date acquired Source of acquisition Total Checkouts Full call number Barcode Date last seen Copy number Price effective from Koha item type Uniform Resource Identifier
    Dewey Decimal Classification     College Library College Library Circulation 01/17/2025 School Fund   Circ. 174.9 D971a 2018 54294 07/17/2025 c1 07/17/2025 BK-CIRC